000 00455nam a2200181 4500
005 20260113142417.0
008 260112b |||||||| |||| 00| 0 eng d
020 _a9780143473329
041 _aEnglish
082 _bSAD
_a158.1
100 _aSadhguru
_9215359
245 _aEnlightenment: A New Beginning
260 _aIndia
_bPenguin Ananda
_c2024
300 _a148
365 _b299.00
_cRs.00
650 _aApplied Pschology
_9216329
942 _cDB
999 _c369856
_d369856